5HLuxD.jpg

KING HENRY VIII SENIOR AND PRIMARY SCHOOL LIBRARY OPAC

How to read Chinese poetry : (Record no. 424)

000 -LEADER
fixed length control field 01270cam a2200361 a 4500
001 - CONTROL NUMBER
control field 016662752
003 - CONTROL NUMBER IDENTIFIER
control field UkOxU
005 - DATE AND TIME OF LATEST TRANSACTION
control field 20190814113929.0
008 - FIXED-LENGTH DATA ELEMENTS--GENERAL INFORMATION
fixed length control field 070604s2008 nyu b 001 0 eng
010 ## - LIBRARY OF CONGRESS CONTROL NUMBER
LC control number 2007023263
020 ## - INTERNATIONAL STANDARD BOOK NUMBER
International Standard Book Number 9780231139403 (hbk.)
020 ## - INTERNATIONAL STANDARD BOOK NUMBER
International Standard Book Number 0231139403 (hbk.)
035 ## - SYSTEM CONTROL NUMBER
System control number (OCoLC)ocn138342555
035 ## - SYSTEM CONTROL NUMBER
System control number (OCoLC)138342555
Canceled/invalid control number (OCoLC)154690919
035 ## - SYSTEM CONTROL NUMBER
System control number 14877166
040 ## - CATALOGING SOURCE
Original cataloging agency DLC
Transcribing agency DLC
Modifying agency YDXCP
-- BTCTA
-- BAKER
-- C#P
-- DLC
041 1# - LANGUAGE CODE
Language code of text/sound track or separate title eng
-- chi
Language code of original chi
082 00 - DEWEY DECIMAL CLASSIFICATION NUMBER
Classification number 895.110 HOW
Edition number 22
245 00 - TITLE STATEMENT
Title How to read Chinese poetry :
Remainder of title a guided anthology /
Statement of responsibility, etc. edited by Zong-qi Cai.
260 ## - PUBLICATION, DISTRIBUTION, ETC.
Place of publication, distribution, etc. New York, N.Y. ;
-- Chichester :
Name of publisher, distributor, etc. Columbia University Press,
Date of publication, distribution, etc. c2008.
300 ## - PHYSICAL DESCRIPTION
Extent xxii, 426 p. ;
Dimensions 29 cm.
504 ## - BIBLIOGRAPHY, ETC. NOTE
Bibliography, etc. note Includes bibliographical references and index.
546 ## - LANGUAGE NOTE
Language note Poems in Chinese and English.
650 #0 - SUBJECT ADDED ENTRY--TOPICAL TERM
Topical term or geographic name entry element Chinese poetry
General subdivision History and criticism.
650 #0 - SUBJECT ADDED ENTRY--TOPICAL TERM
Topical term or geographic name entry element Chinese poetry
Form subdivision Translations into English.
700 1# - ADDED ENTRY--PERSONAL NAME
Personal name Cai, Zong-qi,
Dates associated with a name 1955-
Relator term Editor
856 41 - ELECTRONIC LOCATION AND ACCESS
Materials specified Table of contents only
Uniform Resource Identifier <a href="http://www.loc.gov/catdir/toc/ecip0719/2007023263.html">http://www.loc.gov/catdir/toc/ecip0719/2007023263.html</a>
942 ## - ADDED ENTRY ELEMENTS (KOHA)
Source of classification or shelving scheme
Koha item type Books - Non Ficton
Holdings
Withdrawn status Lost status Source of classification or shelving scheme Damaged status Not for loan Collection code Permanent Location Current Location Shelving location Date acquired Total Checkouts Full call number Barcode Date due Date last seen Date last checked out Price effective from Koha item type
          Non-Fiction KH8 Senior School Library KH8 Senior School Library Non Fiction 2019-08-14 1 895.110 HOW 3KHSL000100161 2020-09-15 2020-09-08 2020-09-08 2019-08-14 Books - Non Ficton

Powered By KH8 IT Dept